书目信息 |
| 题名: |
歌手的衰亡
|
|
| 作者: | 海男 著 | |
| 分册: | ||
| 出版信息: | 北京 中国文联出版公司 1998.05 |
|
| 页数: | 283页 | |
| 开本: | 21cm | |
| 丛书名: | 五味子长篇小说丛书 | |
| 单 册: | ||
| 中图分类: | I247.5 | |
| 科图分类: | ||
| 主题词: | 长篇小说--中国--当代 | |
| 电子资源: | ||
| ISBN: | 7-5059-3044-3 | |
| 000 | 00723nam2 2200241 45 | |
| 001 | 012003000000 | |
| 005 | 20041011093857.02 | |
| 010 | @a7-5059-3044-3@dCNY 14.90 | |
| 100 | @a20031011d1998 em y0chiy0121 ea | |
| 101 | 0 | @achi |
| 102 | @aCN@b110000 | |
| 105 | @ay z 000ay | |
| 200 | 1 | @a歌手的衰亡@Age shou de shuai wang@e当代第一部以摇滚歌手为题材的长篇小说@f海男著 |
| 210 | @a北京@c中国文联出版公司@d1998.05 | |
| 215 | @a283页@d21cm | |
| 225 | 2 | @a五味子长篇小说丛书 |
| 410 | 0 | @12001 @a五味子长篇小说丛书 |
| 517 | 1 | @a当代第一部以摇滚歌手为题材的长篇小说 |
| 606 | 0 | @a长篇小说@y中国@z当代 |
| 690 | @aI247.5@v4 | |
| 701 | 0 | @a海男@Ahai nan@4著 |
| 801 | 0 | @aCN@bQSSKw@c20041011 |
| 905 | @a10447@dI247.5@eH030 | |
| 歌手的衰亡:当代第一部以摇滚歌手为题材的长篇小说/海男著.-北京:中国文联出版公司,1998.05 |
| 283页;21cm.-(五味子长篇小说丛书) |
| ISBN 7-5059-3044-3:CNY 14.90 |
| ● |
| 相关链接 |
|
|
|
正题名:歌手的衰亡
索取号:I247.5/H030
 
预约/预借
| 序号 | 登录号 | 条形码 | 馆藏地/架位号 | 状态 | 备注 |
| 1 | 398810 | 203988104 | 社科二线400B/400B社科库 16排1列4层/ [索取号:I247.5/H030] | 在馆 | |
| 2 | 398811 | 203988113 | 文学库108/108文学库 28排4列3层/ [索取号:I247.5/H030] | 在馆 | |
| 3 | 398812 | 203988122 | 文学库108/108文学库 28排4列3层/ [索取号:I247.5/H030] | 在馆 |